00846nam a2200217Ia 4500003000900000008004100009020002700050022002200077022002300099040001600122100002800138245005700166260003100223300001400254490002800268700002900296856010800325942000700433999001700440952017100457IN-BaIIA211028s9999 xx s 000 0 eng d a2-86883-646-1 (Online) a1633-4760 (Print) a1638-1963 (Online) cIIA Library aArnaud, J., ed. 938128 0aMagnetism and Activity of the Sun and Starsh[eBook] aFrancebEDP Sciencesc2003 aiv, 371p. aEAS Publications Series aMeunier, N., ed. 938129 uhttps://www.eas-journal.org/articles/eas/abs/2003/04/contents/contents.htmlyClick Here to Access eBook cEB c20603d20603 00104070aBANbBANd2013-01-01eEDP ScienceshV. 9l0pEB63r2021-11-05uhttps://www.eas-journal.org/articles/eas/abs/2003/04/contents/contents.htmlw2021-11-05yEB